Review of the second five year plan. (Record no. 80217)

MARC details
000 -LEADER
fixed length control field 01031cam a22002411 4500
001 - CONTROL NUMBER
control field sa 68004589
003 - CONTROL NUMBER IDENTIFIER
control field DLC
005 - DATE AND TIME OF LATEST TRANSACTION
control field 20260227112502.0
008 - FIXED-LENGTH DATA ELEMENTS--GENERAL INFORMATION
fixed length control field 711108s1961 ii 000 0 eng
010 ## - LIBRARY OF CONGRESS CONTROL NUMBER
LC control number sa 68004589
040 ## - CATALOGING SOURCE
Original cataloging agency DLC
Transcribing agency DLC
Modifying agency DLC
043 ## - GEOGRAPHIC AREA CODE
Geographic area code a-ii---
050 00 - LIBRARY OF CONGRESS CALL NUMBER
Classification number HC437.M3
Item number A546
110 1# - MAIN ENTRY--CORPORATE NAME
Corporate name or jurisdiction name as entry element Madras (India : State).
Subordinate unit Finance Department.
245 10 - TITLE STATEMENT
Title Review of the second five year plan.
260 ## - PUBLICATION, DISTRIBUTION, ETC.
Place of publication, distribution, etc. Madras,
Name of publisher, distributor, etc. Printed by the Controller of Stationary and Print., on behalf of the Govt. of Madras,
Date of publication, distribution, etc. 1961.
300 ## - PHYSICAL DESCRIPTION
Extent ii, iii, 173, 764-787 p.
Dimensions 34 cm.
500 ## - GENERAL NOTE
General note Cover title.
500 ## - GENERAL NOTE
General note At head of title: Finance (Planning and Development) Dept.
500 ## - GENERAL NOTE
General note Appendices (P. 764-787):--I. Statement showing the appropriations made and the expenditure incurred on schemes included in the second five-year plan, 1956-61.--II. Abstract of the Madras State second five-year plan.
651 #0 - SUBJECT ADDED ENTRY--GEOGRAPHIC NAME
Geographic name Tamil Nadu (India)
General subdivision Economic policy.
651 #0 - SUBJECT ADDED ENTRY--GEOGRAPHIC NAME
Geographic name Tamil Nadu (India)
General subdivision Appropriations and expenditures.

No items available.

Powered by Koha